Nenechali se vyloučit

Titel: Nenechali se vyloučit : sociální vzestupy Romů v české společnosti ; (kvalitativní studie) / Laura Fónadová
Verfasser:
Ausgabe: Vyd. 1.
Veröffentlicht: Brno : Masarykova Univ., 2014
Umfang: 131 S.
Format: Buch
Sprache: Tschechisch
Schlagworte:
ISBN: 8021065745 ; 9788021065741
Buchumschlag
X
Lokale Klassifikation: 23 3 C ; 27 15 F ; 27 13 K
alg: 34970487
001A    $03004:07-11-14 
001B    $01999:09-06-23 $t22:05:26.000 
001D    $03004:23-02-15 
001U    $0utf8 
001X    $00 
002@    $0Aau 
003@    $0349704872 
004A    $080-210-6574-5 
004A    $A978-80-210-6574-1 
007A    $0349704872 $aHEB 
007G    $0DE020DE050EE9B563AF03C1257E05004ED692 
009P    $A2 $3Inhaltsverzeichnis $uhttp://bvbr.bib-bvb.de:8991/F?func=service&doc_library=BVB01&local_base=BVB01&doc_number=027272357&line_number=0001&func_code=DB_RECORDS&service_type=MEDIA 
009P    $A2 $3Abstract $uhttp://bvbr.bib-bvb.de:8991/F?func=service&doc_library=BVB01&local_base=BVB01&doc_number=027272357&line_number=0002&func_code=DB_RECORDS&service_type=MEDIA 
009P    $qapplication/pdf $A2 $3Inhaltsverzeichnis $uhttp://scans.hebis.de/HEBCGI/show.pl?34970487_toc.pdf $mV:DE-603;B:DE-Mb50 
010@    $acze 
011@    $a2014 $n2014 
021A    $aNenechali se vyloučit $dsociální vzestupy Romů v české společnosti ; (kvalitativní studie) $hLaura Fónadová 
028A    $#Fónadová, L. $71052161006 $8Fónadová, Laura$Z1971- [Tp3] $9341158372 
032@    $aVyd. 1. 
033A    $pBrno $nMasarykova Univ. 
034D    $a131 S. 
037A    $aZsfassung in engl. Sprache 
041A    $RBöhmische Länder $RČeská SR $RTschechoslowakei $#Tschechien $#Tschechische Republik $#Tschechische Republik $#Tschechenland $#Tschechei Tschechien $#Česká Republika $#Czech Republic $#ČR $74303381-7 $8Tschechien [Tg1] $9086659812 
041A/01 $RZigeuner $RRomni $#Romanies $#Tsiganes $#Roma-Bevölkerung $#Rom Volk $74050473-6 $8Roma$gVolk [Ts1] $9085140678 
041A/02 $RIntegration $RAssimilation $#Social integration $#Intégration sociale $#Soziale Integration $#soziale Integration $#Gesellschaftliche Integration $#Soziale Eingliederung $74077570-7 $8Soziale Integration [Ts1] $9085219835 
041A/03 $RSoziale Mobilität $RSelfmademan $#Promotion sociale $#sozialer Aufstieg $#Gesellschaftlicher Aufstieg $74055743-1 $8Sozialer Aufstieg [Ts1] $9085155179 
045F    $eDDC22ger 
045F/01 $a306.09 
045F/03 $f09049 
045F/03 $g4371 
045G    $eDDC22ger 
045G/01 $a306.09 
045G/03 $f0905 
045G/03 $g4371 
045H    $eDDC22ger 
045H/01 $a909.0491497 
045H/03 $f09049 
045H/03 $g4371 
045I    $eDDC22ger 
045I/01 $a909.0491497 
045I/03 $f0905 
045I/03 $g4371 
045J    $a305.80094371 $eDDC23BSB 
045J/01 $a305.8009 
045J/03 $g4371 

lok: 34970487 24
101B    $023-02-15 $t15:33:29.000 
101C    $023-02-15 
101U    $0utf8 
145Z/01 $a23 3 C 
145Z/02 $a27 15 F 
145Z/03 $a27 13 K 

exp: 34970487 24 1 #EPN
201B/01 $023-02-15 $t15:33:29.000 
201C/01 $007-11-14 
201U/01 $0utf8 
203@/01 $0743697561 
208@/01 $a23-02-15 $bz 
209A/01 $a14.11282 $du $f050 $h14 11282 $x00 
209C/01 $a14.11282 K $h14 11282 K 
209G/01 $a73592453 $x00 
220C/01 $akon 
247C/01 $8358050-7 Marburg, Bibliothek des Herder-Instituts Marburg $9102600961
LEADER 00000cam a2200000 c 4500
001 349704872
003 DE-603
005 20230609220526.0
007 tu
008 141107s2014 xx |||| | u00||u|cze c
020 |a 8021065745 
020 |a 9788021065741 
035 |a (DE-599)HEB349704872 
040 |a DE-603  |b ger  |c DE-603  |d DE-603 
041 |a cze 
083 0 |8 5\u  |a 305.80094371  |q DE-101  |2 23/BSB 
085 |8 1\u  |b 306.09 
085 |8 1\u  |z 1  |s 09049 
085 |8 1\u  |z 2  |s 4371 
085 |8 2\u  |b 306.09 
085 |8 2\u  |z 1  |s 0905 
085 |8 2\u  |z 2  |s 4371 
085 |8 3\u  |b 909.0491497 
085 |8 3\u  |z 1  |s 09049 
085 |8 3\u  |z 2  |s 4371 
085 |8 4\u  |b 909.0491497 
085 |8 4\u  |z 1  |s 0905 
085 |8 4\u  |z 2  |s 4371 
085 |8 5\u  |b 305.8009 
085 |8 5\u  |z 2  |s 4371 
100 1 |a Fónadová, Laura  |d 1971-  |0 (DE-603)341158372  |0 (DE-588)1052161006  |2 gnd 
245 0 0 |a Nenechali se vyloučit  |b sociální vzestupy Romů v české společnosti ; (kvalitativní studie)  |c Laura Fónadová 
250 |a Vyd. 1. 
264 1 |a Brno  |b Masarykova Univ.  |c 2014 
300 |a 131 S. 
500 |a Zsfassung in engl. Sprache 
650 7 |a Roma  |g Volk  |0 (DE-588)4050473-6  |0 (DE-603)085140678  |2 gnd 
650 7 |a Soziale Integration  |0 (DE-588)4077570-7  |0 (DE-603)085219835  |2 gnd 
650 7 |a Sozialer Aufstieg  |0 (DE-588)4055743-1  |0 (DE-603)085155179  |2 gnd 
651 7 |a Tschechien  |0 (DE-588)4303381-7  |0 (DE-603)086659812  |2 gnd 
856 4 2 |u http://bvbr.bib-bvb.de:8991/F?func=service&doc_library=BVB01&local_base=BVB01&doc_number=027272357&line_number=0001&func_code=DB_RECORDS&service_type=MEDIA  |3 Inhaltsverzeichnis 
856 4 2 |u http://bvbr.bib-bvb.de:8991/F?func=service&doc_library=BVB01&local_base=BVB01&doc_number=027272357&line_number=0002&func_code=DB_RECORDS&service_type=MEDIA  |3 Abstract 
856 4 2 |m V:DE-603;B:DE-Mb50  |q application/pdf  |u http://scans.hebis.de/HEBCGI/show.pl?34970487_toc.pdf  |3 Inhaltsverzeichnis 
924 0 |9 Mb 50  |a (DE-603)743697561  |b DE-Mb50  |c HES  |d c  |g 14.11282